000 01359nam a2200229Ia 4500
999 _c36421
_d36421
001 2335
003 GE_BSU
005 20190528155146.0
008 181216s2011||||ge |||||||||||||| ||geo||
040 _cGE_BSU
041 _ageo
080 _a7 ხ–70
245 _cრედ. მ. ჭიჭილეიშვილი ; ტომის რედ. ე. მესხია ; საქ. განათლებისა და მეცნ. სამინ.; ბათუმის ხელოვნების სასწავლო უნ-ტი.
_aხელოვნებათმცოდნეობითი ეტიუდები = Studies in art criticism :
_bტ. 3 /
264 _aთბილისი :
_bუნივერსალი,
_c2011.
300 _a251 გვ. ;
_b20 სმ.
653 _aხელოვნებათმცოდნეობა
700 _aჭიჭილეშვილი, მაია
_eრედაქტორი
_91727
700 _aმესხია, ერმილე
_eტომის რედ.
_91724
710 _aსაქ. კულტურისა და ძეგლთა დაცვის სამინისტრო
_91728
710 _aბათუმის ხელოვნების სასწავლო უნივერსიტეტი
_91729
942 _cBK
_2udc